Estadísticas para Equipos argentinos que no descendieron

Haz click aquí para tomar la prueba!

Estadísticas generales

  • Esta prueba ha sido tomada 299 veces
  • La puntuación promedio es 3 de 5

Estadísticas de respuestas

Años en primeraRespuesta% Correcto
103Boca Juniors
100%
3Defensa y Justicia
60%
14Arsenal
43%
1Patronato
43%
2Aldosivi
20%

Distribución de puntuación

Porcentaje por número respondido

Porcentaje de gente con cada puntuación

Historial de tus puntuaciones

No has tomado esta prueba